000 01342nam a2200373 i 4500
001 57263
003 CO-BoRNBP
005 20250610150305.0
007 ta
008 221212s2015 ck er 000 f spa
020 _a9789588894652
040 _aCO-BoRNBP
_bspa
_erda
_cCO-BoRNBP
041 _aspa
043 _as-ck---
084 _aN BAD1
100 1 _aBadrán Padauí, Pedro,
_d1960- ,
_eautor
_960151
245 1 0 _aEl hombre de la cámara mágica
_cPedro Bádran
250 _aPrimera edición
264 1 _aBogotá, Colombia
_bPenguin Random House Grupo Editorial
_c2015
300 _a225 páginas
_c23 cm
336 _atexto
_btxt
_2rdacontent
337 _asin mediación
_bn
_2rdamedia
338 _avolumen
_bnc
_2rdacarrier
490 _aLiteratura Random House
505 0 _aDiarios de hotel -- El cuaderno de Tony Lafont -- Zona turística Tiempos de pernicia -- La cámara en el espejo -- La sombra del fotógrafo -- Los hombres del casco amarillo
521 _aRecomendado para un público adulto
650 1 0 _aHoteles
_2LEMB
_95901
650 0 0 _aFotógrafos
_vNovela
_2LEMB
_960152
650 1 0 _aNovela colombiana
_ySiglo XXI.
_2LEMB
_91602
650 1 0 _aLiteratura colombiana
_ySiglo XXI.
_2LEMB
_965
650 1 0 _aAutores colombianos
_2LEMB
_932
700 1 _aRio, Pilar del
_etraductora
_960153
942 _2loc
_cBKLIT
999 _c57263
_d57263